Normal view
MARC view
Entry Personal Name
001 - CONTROL NUMBER
- control field: 31319
003 - CONTROL NUMBER IDENTIFIER
- control field: dpl
005 - DATE AND TIME OF LATEST TRANSACTION
- control field: 20110804153855.0
008 - FIXED-LENGTH DATA ELEMENTS
- fixed length control field: 110804|||a|||||| | ||| d
040 ## - CATALOGING SOURCE
- Original cataloging agency: dpl
- Transcribing agency: dpl
100 ## - HEADING--PERSONAL NAME
- Personal name: जायसवाल, संजीव 'संजय'
670 ## - SOURCE DATA FOUND
- Source citation: Work cat.: (dpl): जायसवाल, संजीव 'संजय', सूरज का गुस्सा /, 2011
670 ## - SOURCE DATA FOUND
- Source citation: Work cat.: (dpl): जायसवाल, संजीव 'संजय', सूरज का गुस्सा /, 2011
